CRM - system for estate agency; Modern technique and technologies MTT' 2012

Bibliografski detalji
Parent link:Modern technique and technologies MTT' 2012.— 2012.— [С. 163-165]
Glavni autor: Chertolyas A. O.
Autor kompanije: National Research Tomsk Polytechnic University
Daljnji autori: Yudakov S. A. (научный руководитель), Aksyenov S. V.
Sažetak:Заглавие с титульного листа
Jezik:engleski
Izdano: 2012
Serija:Section VII: Informatics and Control in Engineering Systems
Teme:
Online pristup:http://www.lib.tpu.ru/fulltext/v/Conferences/2012/C2/ENG/eng_076.pdf
Format: Elektronički Poglavlje knjige
KOHA link:https://koha.lib.tpu.ru/cgi-bin/koha/opac-detail.pl?biblionumber=227929

MARC

LEADER 00000nla2a2200000 4500
001 227929
005 20231101230833.0
035 |a (RuTPU)RU\TPU\book\248376 
035 |a RU\TPU\book\248366 
090 |a 227929 
100 |a 20121212d2012 k y0engy50 ba 
101 0 |a eng 
102 |a RU 
105 |a y z 101zy 
135 |a drcn ---uucaa 
181 0 |a i  
182 0 |a b 
200 1 |a CRM - system for estate agency  |b Электронный ресурс  |f A. O. Chertolyas, S. A. Yudakov  |g National Research Tomsk Polytechnic University ; науч. рук. S. V. Aksyenov 
203 |a Текст  |c электронный 
215 |a 1 файл (552 Кб) 
225 1 |a Section VII: Informatics and Control in Engineering Systems 
230 |a Электронные текстовые данные (1 файл : 552 Кб) 
300 |a Заглавие с титульного листа 
320 |a [Библиогр.: с. 165 (3 назв.)] 
337 |a Adobe Reader 
463 1 |0 (RuTPU)RU\TPU\book\247697  |t  Modern technique and technologies MTT' 2012  |o  Proceedings of the 18th international scientific and practical conference of students, post-graduates and young scientists  |f Tomsk Polytechnic University (TPU)  |v [С. 163-165]  |d 2012 
610 1 |a труды учёных ТПУ 
610 1 |a электронный ресурс 
700 1 |a Chertolyas  |b A. O. 
701 1 |a Yudakov  |b S. A. 
702 1 |a Aksyenov  |b S. V.  |4 727 
712 0 2 |a National Research Tomsk Polytechnic University  |9 27197 
801 2 |a RU  |b 63413507  |c 20130219  |g RCR 
856 4 |u http://www.lib.tpu.ru/fulltext/v/Conferences/2012/C2/ENG/eng_076.pdf 
942 |c CF